<?xml version="1.0" encoding="UTF-8"?>
<record
    xmlns:xsi="http://www.w3.org/2001/XMLSchema-instance"
    xsi:schemaLocation="http://www.loc.gov/MARC21/slim http://www.loc.gov/standards/marcxml/schema/MARC21slim.xsd"
    xmlns="http://www.loc.gov/MARC21/slim">

  <leader>03495nam a22002897a 4500</leader>
  <controlfield tag="005">20240305165632.0</controlfield>
  <controlfield tag="007">cr||||   |||| </controlfield>
  <controlfield tag="008">220509s2021    es |||||s|||| 00||0 spa d</controlfield>
  <datafield tag="020" ind1=" " ind2=" ">
    <subfield code="a">978-84-122827-9-5</subfield>
  </datafield>
  <datafield tag="035" ind1=" " ind2=" ">
    <subfield code="a">35609</subfield>
  </datafield>
  <datafield tag="040" ind1=" " ind2=" ">
    <subfield code="a">vLex</subfield>
  </datafield>
  <datafield tag="090" ind1=" " ind2=" ">
    <subfield code="c">13299</subfield>
    <subfield code="d">13299</subfield>
  </datafield>
  <datafield tag="100" ind1="1" ind2=" ">
    <subfield code="a">Pascual Cadena, Antoni</subfield>
  </datafield>
  <datafield tag="245" ind1="1" ind2="2">
    <subfield code="a">La prueba diab&#xF3;lica penal</subfield>
    <subfield code="h">[Recurso electr&#xF3;nico] :</subfield>
    <subfield code="b">Entelequia normativa y prisi&#xF3;n preventiva /</subfield>
    <subfield code="c">Antoni Pascual Cadena</subfield>
  </datafield>
  <datafield tag="256" ind1=" " ind2=" ">
    <subfield code="a">Servicio en l&#xED;nea</subfield>
  </datafield>
  <datafield tag="260" ind1=" " ind2=" ">
    <subfield code="a">Barcelona:</subfield>
    <subfield code="b">J.M. Bosch Editor,</subfield>
    <subfield code="c">2021</subfield>
  </datafield>
  <datafield tag="300" ind1=" " ind2=" ">
    <subfield code="a">1 recurso electr&#xF3;nico</subfield>
  </datafield>
  <datafield tag="500" ind1=" " ind2=" ">
    <subfield code="a">Si preguntamos qu&#xE9; es la Presunci&#xF3;n de Inocencia, la mayor&#xED;a de la gente dir&#xE1; que &#xAB;nadie es culpable hasta que se demuestre lo contrario&#xBB;, una entelequia normativa que el pueblo llano no comprende y que, adem&#xE1;s, resulta de todo punto il&#xF3;gica. El Tribunal Constitucional ha se&#xF1;alado que nos hallamos frente a una regla de trato que opera tanto en instrucci&#xF3;n como en fase de juicio oral. A su vez, la privaci&#xF3;n provisional de libertad tambi&#xE9;n se configura como una suerte de batalla de presunciones entre la de Inocencia y las contenidas en la LECrim que se refieren a los fines inherentes a la prisi&#xF3;n preventiva, a partir de una presunci&#xF3;n de culpabilidad que legitima su determinaci&#xF3;n en base a los eventuales peligros de huida, de alteraci&#xF3;n de pruebas o de reincidencia. As&#xED;, pues, se eval&#xFA;an hechos futuros, que encierran un juicio de probabilidad e incerteza, y que funcionan como una verdadera prueba legal negativa. La prueba de hechos negativos es la llamada prueba diab&#xF3;lica, un concepto residual que solamente es mencionado a trav&#xE9;s de referencias y siempre con alusi&#xF3;n a la carga de la prueba. Su objeto (los hechos negativos), su proceso l&#xF3;gico (la inferencia) y su conclusi&#xF3;n (la carga de la prueba) merecen todo el respeto atendiendo a su relevancia en la estrategia procesal tanto para la defensa como para la acusaci&#xF3;n. Aunque, sin embargo, su importancia en el Derecho Penal pr&#xE1;ctico a&#xFA;n no ha sido puesta de manifiesto. El presente estudio analiza los llamados procesos de inferencia de los indicios de criminalidad, con el objetivo de vislumbrar su falta de l&#xF3;gica desde el punto de vista del razonamiento, de la verificaci&#xF3;n y de la motivaci&#xF3;n. Y ello por cuanto los jueces, en su ex&#xE9;gesis, se remiten a la Ley y a la jurisprudencia constitucional en vez de a los hechos objeto de autos. As&#xED;, se les ha arrebatado la t&#xE9;cnica del razonamiento, y con ello la posibilidad de impugnaci&#xF3;n y control, lo que supone una usurpaci&#xF3;n inadmisible de sus funciones. De esta forma, la Presunci&#xF3;n de Inocencia parece m&#xE1;s bien &#xAB;un robo que un regalo&#xBB;, pues al examinarse los fines que justifican la prisi&#xF3;n preventiva como hechos negativos que son y que, por lo tanto, a&#xFA;n no existen, se est&#xE1; construyendo una verdadera &#xAB;Probatio diavolica&#xBB; que no puede ser aceptada en modo alguno.</subfield>
  </datafield>
  <datafield tag="506" ind1="1" ind2=" ">
    <subfield code="a">Disponible solo en los productos indicados</subfield>
    <subfield code="d">vLex Global</subfield>
    <subfield code="d">vLex Global (Academic Edition, excluding Law Schools)</subfield>
    <subfield code="d">vLex Global (U.S. Academic Edition, Law Schools)</subfield>
    <subfield code="d">vLex Global (U.S. Academic Edition, excluding Law Schools)</subfield>
    <subfield code="d">vLex Global (Academic Edition, Law Schools)</subfield>
  </datafield>
  <datafield tag="650" ind1="0" ind2="4">
    <subfield code="a">Derecho Penal</subfield>
    <subfield code="z">Espa&#xF1;a</subfield>
  </datafield>
  <datafield tag="650" ind1="0" ind2="4">
    <subfield code="a">Derecho Procesal</subfield>
    <subfield code="z">Espa&#xF1;a</subfield>
  </datafield>
  <datafield tag="650" ind1="0" ind2="4">
    <subfield code="a">Procedimiento Penal</subfield>
    <subfield code="z">Espa&#xF1;a</subfield>
  </datafield>
  <datafield tag="650" ind1="0" ind2="4">
    <subfield code="a">Derecho Militar</subfield>
    <subfield code="z">Espa&#xF1;a</subfield>
  </datafield>
  <datafield tag="740" ind1="0" ind2=" ">
    <subfield code="a">vLex Libros (Servicio en l&#xED;nea)</subfield>
  </datafield>
  <datafield tag="856" ind1="4" ind2="0">
    <subfield code="u">https://app.vlex.com/#/sources/35609</subfield>
  </datafield>
  <datafield tag="942" ind1=" " ind2=" ">
    <subfield code="c">RAA</subfield>
  </datafield>
  <datafield tag="952" ind1=" " ind2=" ">
    <subfield code="0">0</subfield>
    <subfield code="1">0</subfield>
    <subfield code="4">0</subfield>
    <subfield code="7">0</subfield>
    <subfield code="8">VLEX</subfield>
    <subfield code="9">329456</subfield>
    <subfield code="a">BD-UIN</subfield>
    <subfield code="b">BD-UIN</subfield>
    <subfield code="d">2024-03-05</subfield>
    <subfield code="l">0</subfield>
    <subfield code="p">35609</subfield>
    <subfield code="r">2024-03-05</subfield>
    <subfield code="w">2024-03-05</subfield>
    <subfield code="y">RAA</subfield>
  </datafield>
  <datafield tag="999" ind1=" " ind2=" ">
    <subfield code="c">171535</subfield>
    <subfield code="d">171535</subfield>
  </datafield>
</record>
